Music Quiz

Random Music or Missing Word Quiz

50 Hits to Click: 1975 Quiz Stats

Quiz Updated Jun 17, 2017

Challenge
Share
Tweet
Embed
Score 0/50 Timer 07:00
1 Play Today
% Correct
Together
91.9%
Love
91.2%
Cowboy
90.1%
Eyes
87.9%
Friends
87.6%
Lady
87.3%
Jive
87%
Head
86%
Bird
85.8%
Down
84.4%
Goodbye
84.1%
Please
82.7%
Adored
80.1%
Wonderful
79.7%
Everything
79.6%
Ballroom
78.4%
Orders
78.4%
Minute
78.1%
Philadelphia
77.4%
Star
76.1%
Again
75.5%
Pieces
75.4%
Killer
75.3%
Dance
74.6%
Teardrop
73.9%
% Correct
Golden
71.3%
Bungle
70.4%
Fight
67.8%
Magic
67.4%
Good
65.6%
Laughter
63.6%
Robin
63.4%
Fallin'
61.5%
Water
61.1%
Mellow
58.7%
Long
57.9%
Sky
57.8%
Midnight
56.3%
Blue
55.2%
Van
55.2%
Sorry
54.1%
Reggae
52.9%
Butt
51.4%
Only
50.9%
Joey
49.5%
Dream
48.4%
Farm
47.2%
Lisa
40.8%
Glasses
34.8%
Jaws
25.2%

You're not logged in!

Compare scores with friends on all Sporcle quizzes.
Join for Free
OR
Log In

You Might Also Like...

Show Comments

Extras

Top Quizzes Today


Score Distribution

Your Account Isn't Verified!

In order to create a playlist on Sporcle, you need to verify the email address you used during registration. Go to your Sporcle Settings to finish the process.

Report this User

Report this user for behavior that violates our Community Guidelines.

Details: